| 000 | 00385 a2200157 4500 | ||
|---|---|---|---|
| 001 | 75135 | ||
| 020 | _a9788502072527 | ||
| 040 | _cAnchieta - Colégio São Paulo | ||
| 100 | _aGuerra, Isabel Cristina | ||
| 240 | 1 | 0 |
_aProjeto Prosa: Matemática 1º ano _lpor |
| 245 | 1 | 0 | _aProjeto Prosa: Matemática 1º ano |
| 300 | _a160 | ||
| 362 | 0 | _a2008 | |
| 650 | 4 | _aMatemática | |
| 942 | _cBK | ||
| 999 |
_c75135 _d75135 |
||